00514nam a2200169Ia 450000500170000000800410001702000150005808200170007310000140009024500520010426000330015630000140018965000210020394200060022495200990023099900150032920240624064931.0240331s9999 xx 000 0 und d a8177200402 bCULa894.811 aCuller, J 0aIlakiyak kotpadu :bmikach curukkamana arimugam aputhanathambadaiyalamc2005 a233 p .,  alit rary theory cL 001040708LaWERCLbWERCLcSSCd2024-03-31l0o 894.811 CULp5516r2024-03-31w2024-03-31yL c3836d3836